000 00732nam a2200181Ia 4500
008 151018s9999 xx 000 0 und d
082 _bRBASDV34570
_a925
100 _aपंडित विद्यासागर
245 _aप्रकाशपूजक डॉ.सी.व्ही.रामन
250 _b1
260 _bअमोल प्रकाशन मुंबई
_c2000
300 _a24
600 _aपंडित विद्यासागर
630 _aप्रकाशपूजक डॉ.सी.व्ही.रामन
700 _aपंडित विद्यासागर
730 _aप्रकाशपूजक डॉ.सी.व्ही.रामन
942 _cBOOK
999 _c1034060
_d1034057